| 000 | 00534nam a22001937a 4500 | ||
|---|---|---|---|
| 003 | UA-OsUOA | ||
| 001 | 53367 | ||
| 007 | ta | ||
| 008 | 20151013b un ||||| |||| 00| 0 ukr d | ||
| 090 |
_a7 _bК29 |
||
| 942 | _cBR | ||
| 040 |
_aUA-OsUOA _bukr _cUA-OsUOA _dUA-OsUOA |
||
| 245 | _aКаталог виставки картин Мирона Левицького, Чікаго, 12, 13, 14 жовтня 1984 | ||
| 955 | _a4 | ||
| 041 | _aukr | ||
| 080 | _a7 | ||
| 650 | 7 |
_a7 Мистецтво. Ігри. Спорт. _2UDC |
|
| 999 |
_c433484 _d433484 |
||